000 00911nam a2200313 i 4500
001 768714001
003 CO-MdFUSB
005 20201214155315.0
007 ta
008 200617t2000 enk |||| |||| 00| 0 eng d
020 _a0905241150
040 _aCO-MdFUSB
_bspa
_cCO-MdFUSB
_dCO-MdFUSBC
_erda
041 _aeng
082 _223
_a268.4
_bR382
110 _aCatholic Bishops´ Conference of England and Wales
245 _aReligious education in catholic school
_c/ Catholic Bishops´ Conference of England and Wales
264 1 _aLondres :
_bCatholic Media Office,
_c[2000]
264 4 _c© 2000
300 _c;
336 _2rdacontent
_atexto
_btxt
337 _2rdamedia
_asin mediación
_bn
338 _2rdacarrier
_avolumen
_bnc
563 _aRústico
650 7 _9349
_aEducación cristiana
653 _aIglesia Católica
942 _cBK
945 _aJTF-925
999 _c66156
_d66156